Singular Ordinary Differential Operators and Pseudodifferential Equations

Guardado en:
Detalles Bibliográficos
Autor principal: Elschner, Johannes
Formato: Libro
Lenguaje:alemán
Publicado: Berlin Akademie 1985
Edición:1. ed.
Etiquetas: Agregar Etiqueta
Sin Etiquetas, Sea el primero en etiquetar este registro!

MARC

LEADER 00000nam a2200000 4500
001 c024406
005 20221220082310.7
041 0 |a ger 
044 |a DE 
245 1 0 |a Singular Ordinary Differential Operators and Pseudodifferential Equations  |c Johannes Elschner 
250 |a 1. ed. 
264 1 |a Berlin  |b Akademie  |c 1985 
300 |a 200 s. 
100 1 |a Elschner, Johannes